BoJack Horseman Character Quiz - Statistics

General Stats
  • This quiz has been taken 601 times
    600 since last reset
  • The average score is 37 of 87
Answer Stats
Hint Answer % Correct
Flawed but endearing and relatable feminist, intellectual and author tasked to write BoJack's Biography Diane Nguyen
99%
He's just trying to make you understand, that he's more horse than a man BoJack Horseman
98%
BoJack's down to earth best friend and accidental housemate Todd Chavez
98%
Wealthy, energetic, optimistic and likable Lab who starred in a rip off 'Horsin' Around' Mr. Peanutbutter
96%
BoJack's pink cat agent who is always busy and tried but is also very motivated and capable Princess Carolyn
96%
BoJack's Manipulative and callous Mother Beatrice Horseman
92%
Youngest child on 'Horsin' Around', later a drug addict Sarah Lynn
87%
BoJack's sister (once thought to be his daughter) Hollyhock M.M.G.R.Z.H.F.M
84%
Comedian and creator of 'Horsin' Around' later fired due to sexual orientation. Herb Kazzaz
80%
BoJack's role model growing up whom he later starred played in an oscar nominated movie Secretariat
73%
The (of age) daughter of above who BoJack almost slept with Penny Carson
71%
Above's mother, (BoJack's mother constantly calls him this during her dementia) Henrietta Platchkey
68%
An owl who woke up from a 30 year coma and ended up dating BoJack briefly Wanda Pierce
65%
A Doe that BoJack was once in love with. Before being kicked out he stayed with her in New Mexico Charlotte Carson
64%
BoJack's Violent Father Butterscotch Horseman
63%
A Penguin publisher who was depending on BoJack's book to save his job Pinky Penguin
62%
Above's son who was lost during WWII Crackerjack Sugarman
61%
The Author's dolphin client who fakes her abortion Sextina Aquafina
61%
Rich Turtle producer who fired above Lenny Turteltaub
57%
Underappreciated Character Actress who ruins the Best Friend's rock oprea before becoming a criminal. Margo Martindale
57%
The Pink Cat's hipster, assistant and husband as of the end of the show Judah Mannowdog.
56%
Leading female actor and later BoJack's girlfriend Gina Cazador
55%
The Pink Cat's first boyfriend in a long time that turns out to be three kids on top of each other. Vincent Adultman
55%
The Author's eventual bison husband from Chicago Guy
54%
Second youngest child, tried to create a spin off of 'Horsin' Around' Bradley Hitler-Smith
53%
The Likable Lab's fourth wife an energetic Instagram influencer pug Pickles Aplenty
52%
Famous actor that joins BoJack for an episode of Hollywoo Stars and Celebrities: Daniel Radcliffe
51%
Writer and Director of a detective noir TV show 'Philbert' Flip McVicker
49%
Director of many indie lesbian films and 'Secretariat' Kelsey Jannings
49%
Navy seal that is offended by BoJack's comments Neal McBeal
49%
The Pink Cat's enemy, a more sucessful agent Vanessa Gekko
49%
BoJack's publicist who intended to win BoJack an Oscar for the film Ana Spanakopita
48%
Nobody liked this character of the show, "Go home ___' Goober
48%
The Pink Cat's adopted porcupine child Ruthie
48%
one of above's prom friends who says everything twice Pete Repeat
47%
The Likable Lab's second wife who is now married to Justin Timberlake Jessica Biel
45%
The husband of above Kyle
45%
Half sentient chicken that the Best friend rescues from being cooked Becca
44%
Close friend who hit on the Best Friend before learning of his asexuality, they later set up Cabracadabra Emily
44%
likable Celebrity Hippo with a seedy past that The Author tries to make publicly known Hank Hippopopalous
44%
Network executive who fires above to make 'Horsin' Around' and BoJack a star Angela Diaz
42%
Famous author that produces Hollywoo Stars and Celebrities: What Do They Know? Do They Know Things?? Let's Find Out!, J.D. Salinger.
40%
Above's incompetent son Charley Witherspoon
39%
'Good Morning Hollywoo' Talk show host who is run down by BoJack's limo A Ryan Seacrest Type
38%
The Likable Lab's brother who finds out he has a twisted spleen Captain Peanutbutter
38%
Loose cannon cat cop that chases down the Best Friend and company to catch above. Meow Meow Fuzzyface
38%
A sarcastic angry rabbit agent who has a brief affair with the Pink Cat before leaving her to start a competitor agency with above Rutabaga Rabitowitz
38%
Actor in the film above who died from self asphyxiation Corduroy
37%
BoJack's malevolent Grandfather, owner of the Sugarman Sugar Cube Company. Joseph Sugarman
37%
A witty and considerate mouse whom the Pink Cat dates and almost starts a family with Ralph Stilton
37%
Hamster Writer of The BoJack Horseman Show who converts to Buddhism Cuddlywhiskers
36%
Above's Wife Honey Sugarman
35%
Drunk Hairstylist from the 'Horsin' Around' Sharona
34%
Celebrity that the Best Friend is forced to date for publicity Courtney Portnoy
33%
The Groundhog Mayor of Hollywoo who is challenged by the Likable Lab for his position Woodchuck Coodchuck-Berkowitz
33%
Down to earth celebrity that almost hits the Likable Lab and who later steals his pug girlfriend from him Joey Pogo
31%
Famous spider director who directs the real life story of the Hollywoo 'D' with help from the Best Friend Quentin Tarantulino
31%
The Likable Lab's campaign manager and first wife Katrina
30%
Oldest child on 'Horsin' Around' Joelle Clark
29%
The Best Friend's girlfriend, a Rabbit who works at the airport Maude
29%
The big frog boss of BoJack's pink cat agent Mr. Witherspoon
28%
Recurring whale anchorman of the network news who reports on the feud between BoJack and above Tom Jumbo-Grumbo
28%
His disapproving Son Sonny
26%
The Best Friend's brief partner who initially found his clown business problematic Yolanda Buenaventura
26%
BoJack's therapy horse in rehab Dr Champ
25%
Sex robot CEO created by the Best Friend Henry Fondle
25%
Egocentric snow leopard who invites The Author to Cordovia to write his biography Sebastian St. Clair
24%
Talk show host chinchilla that ruins BoJack's career in the Sarah Lynn scandal Biscuits Braxby
22%
Fly who helps BoJack to rebuild his childhood summer house Eddie
22%
The Author's temporary boss who works for Girl Croosh Stefani Stilton
22%
The Author friend's Ex boyfriend who works at buzzfeed Wayne
22%
The wealthy CEO of Whitewhale Consolidated Interests and a legal serial killer Jeremiah Whitewhale
21%
Disproving Father of BoJack's Best Friend Jorge Chavez
21%
Above's fellow reporter and love interest who consoles the Likable Lab about his relationship with the pug. Maximillian Banks
21%
Drunk, sexist and abusive Hollywoo actor who teams up with BoJack for The Horny Unicorn Vance Waggoner
21%
Arrogant posh reporter that chases the case about Sarah Lynn's death Paige Sinclair
20%
A friend of BoJack's while in Rehab, who manipulates BoJack into helping her escape and trash her fathers house. Jameson
18%
Replacement catfish director who realizes the film is 'No Casablanca' Abe D'Catfish
15%
The Biological mother of above Sadie
14%
The Pink Cat's unintelligent assistant Stuart
14%
Man who claims a joke from the show was stolen from a Popsicle brand he sold Abe Ziegler
12%
Rich Cat that owns Shenanigans, the improv company that the Best Friend joins Copernicus
12%
BoJack's Author Friend's best friend Roxy
12%
Mouse that had above's pen stolen from her by the Best Friend Mia McKibben
9%
Chief manatee editor at Manatee Fair who agrees to help The Author to bring down above Amanda Hannity
7%
The Likable Lab's poor meerkat business accountant Oxnard
7%
Former therapist for BoJack and his Author Friend Dr. Indra
2%
No matching quizzes found
Score Distribution
Percent of People with Each Score
Percentile by Number Answered
Your Score History
You have not taken this quiz since the last reset